000 00892pam a2200277 a 4500
008
020 _a9781138033054 (Paperback)
040 _aNUST
_cNUST
049 _aMAIN
090 _aRC648
_bEND
245 0 0 _aEndocrinology in clinical practice /
_cedited by Philip E. Harris, Pierre-Marc G. Bouloux.
250 _aSecond Edition
264 1 _aBoca Raton :
_bCRC Press,
_c[2017]
300 _axvi, 587 pages :
_billustrations, portraits ;
_c24 cm
336 _atext
_btxt
_2rdacontent
337 _aunmediated
_bn
_2rdamedia
338 _avolume
_bnc
_2rdacarrier
504 _aIncludes bibliographical references and index
650 0 _aEndocrinology.
700 1 _aHarris, Philip E.,
_d1954-
700 1 _aBouloux, P.-M. G
907 _a.b10414940
_b02-03-22
_c02-03-22
003
005 20230120204344.0
942 _cBOOKS
_kRC648
_mEND
999 _c121759
_d121759